Оценка влияния характеристик внешней среды на параметры двухфазного рабочего потока конденсаторной установки мини-ТЭС; Интеллектуальные энергосистемы; Т. 1

Bibliografische gegevens
Parent link:Интеллектуальные энергосистемы: труды I Международного молодёжного форума, 21-25 октября 2013 г., г. Томск/ Национальный исследовательский Томский политехнический университет (ТПУ).— , 2013
Т. 1.— 2013.— [с. 310-313]
Hoofdauteur: Высокоморный В. С. Владимир Сергеевич
Coauteurs: Национальный исследовательский Томский политехнический университет (ТПУ) Энергетический институт (ЭНИН) Кафедра автоматизации теплоэнергетических процессов (АТП), Национальный исследовательский Томский политехнический университет (ТПУ) Энергетический институт (ЭНИН) Кафедра теоретической и промышленной теплотехники (ТПТ)
Andere auteurs: Кузнецов Г. В. Гений Владимирович (научный руководитель), Стрижак П. А. Павел Александрович
Samenvatting:Заглавие с титульного экрана
Taal:Russisch
Gepubliceerd in: 2013
Reeks:Теплофизика и теплотехника
Onderwerpen:
Online toegang:http://www.lib.tpu.ru/fulltext/c/2013/C43/V1/080.pdf
Formaat: Elektronisch Hoofdstuk
KOHA link:https://koha.lib.tpu.ru/cgi-bin/koha/opac-detail.pl?biblionumber=603565

MARC

LEADER 00000naa2a2200000 4500
001 603565
005 20260210094545.0
035 |a (RuTPU)RU\TPU\conf\760 
035 |a RU\TPU\conf\758 
090 |a 603565 
100 |a 20140124d2013 k y0rusy50 ca 
101 0 |a rus 
102 |a RU 
135 |a drnn ---uucaa 
181 0 |a i  
182 0 |a b 
200 1 |a Оценка влияния характеристик внешней среды на параметры двухфазного рабочего потока конденсаторной установки мини-ТЭС  |f В. С. Высокоморный  |g науч. рук. Г. В. Кузнецов, П. А. Стрижак 
203 |a Текст  |c электронный 
225 1 |a Теплофизика и теплотехника 
300 |a Заглавие с титульного экрана 
320 |a [Библиогр.: с. 313 (3 назв.)] 
337 |a Adobe Reader 
461 1 |0 (RuTPU)RU\TPU\conf\68  |t Интеллектуальные энергосистемы  |o труды I Международного молодёжного форума, 21-25 октября 2013 г., г. Томск  |o в 2 т.  |f Национальный исследовательский Томский политехнический университет (ТПУ)  |d 2013 
463 1 |0 (RuTPU)RU\TPU\conf\69  |t Т. 1  |v [с. 310-313]  |d 2013 
610 1 |a труды учёных ТПУ 
610 1 |a электронный ресурс 
610 1 |a характеристики 
610 1 |a внешняя среда 
610 1 |a двухфазные потоки 
610 1 |a рабочие потоки 
610 1 |a конденсационные установки 
610 1 |a мини-ТЭС 
700 1 |a Высокоморный  |b В. С.  |c специалист в области теплоэнергетики, экономист-менеджер  |c Директор Инженерной школы новых производственных технологий ТПУ, кандидат технических наук  |f 1984-  |g Владимир Сергеевич  |3 (RuTPU)RU\TPU\pers\30302  |9 14648 
702 1 |a Кузнецов  |b Г. В.  |c специалист в области теплоэнергетики  |c профессор Томского политехнического университета, доктор физико-математических наук  |f 1949-  |g Гений Владимирович  |4 727 
702 1 |a Стрижак  |b П. А.  |c специалист в области теплоэнергетики  |c профессор Томского политехнического университета, доктор физико-математических наук  |f 1985-  |g Павел Александрович  |4 727 
712 0 2 |a Национальный исследовательский Томский политехнический университет (ТПУ)  |b Энергетический институт (ЭНИН)  |b Кафедра автоматизации теплоэнергетических процессов (АТП)  |3 (RuTPU)RU\TPU\col\18678 
712 0 2 |a Национальный исследовательский Томский политехнический университет (ТПУ)  |b Энергетический институт (ЭНИН)  |b Кафедра теоретической и промышленной теплотехники (ТПТ)  |3 (RuTPU)RU\TPU\col\18679 
801 2 |a RU  |b 63413507  |c 20161115  |g RCR 
856 4 |u http://www.lib.tpu.ru/fulltext/c/2013/C43/V1/080.pdf 
942 |c CF